Digital Signal Processing, 3/e (Record no. 289195)
[ view plain ]
| 000 -LEADER | |
|---|---|
| fixed length control field | 00266 a2200109 4500 |
| 001 - CONTROL NUMBER | |
| control field | 54122 |
| 090 ## - LOCALLY ASSIGNED LC-TYPE CALL NUMBER (OCLC); LOCAL CALL NUMBER (RLIN) | |
| -- | 33719 |
| -- | 33719 |
| 100 ## - MAIN ENTRY--PERSONAL NAME | |
| Personal name | Sharma Sanjay |
| 245 ## - TITLE STATEMENT | |
| Title | Digital Signal Processing, 3/e |
| 250 ## - EDITION STATEMENT | |
| Edition statement | 3 rev ed |
| 260 ## - PUBLICATION, DISTRIBUTION, ETC. | |
| Place of publication, distribution, etc. | New Delhi |
| Name of publisher, distributor, etc. | S.K Kataria & Sons |
| Date of publication, distribution, etc. | 2006 |
| 942 ## - ADDED ENTRY ELEMENTS (KOHA) | |
| Institution code [OBSOLETE] | NUST-CAE |
| Call number prefix | 621.3822 SHA |
| Withdrawn status | Lost status | Damaged status | Not for loan | Collection code | Permanent Location | Current Location | Date acquired | Total Checkouts | Full call number | Barcode | Date last seen | Price effective from | Koha item type |
|---|---|---|---|---|---|---|---|---|---|---|---|---|---|
| College of Aeronautical Engineering (CAE) | College of Aeronautical Engineering (CAE) | 04/03/2017 | 621.3822 SHA | CAEN-4207 | 04/05/2017 | 04/05/2017 | Book |
